• 首页
  • 本馆介绍
  • 公告通知
  • 最新文献
  • 馆藏检索
  • 电子资源
  • 读者导购
  • 参考咨询
  • 我的图书馆
  • 登录
  • 详细信息显示
  • 放入我的书架
  • 预约/预借图书
  • 作者相关作品
  • 分类相关作品
  • 丛书相关作品
  • 出版社相关作品

书目信息

  • 表格格式
  • 工作单格式
  • 卡片格式
题名:
体育用多元分析
    
 
作者: 祁国鹰 编著
分册:  
出版信息: 北京   北京体育大学出版社  1998
页数: 291页
开本: 20cm
丛书名:
单 册:
中图分类: G80-32
科图分类:
主题词: 多元分析--应用--体育统计--高等学校--教材
电子资源:
ISBN: 7-81051-340-0
000 00586nam0 2200193 45
001 0310250571
005 20031219104120.6
010    @a7-81051-340-0@dCNY9.00
100    @a20031025d1998 km y0chiy0120 ea
101 0  @achi
105    @a z 000yy
200 1  @a体育用多元分析@ATi Yu Yong Duo Yuan Fen Xi@f祁国鹰编著@FQi Guo Ying Bian Zhu
210    @a北京@c北京体育大学出版社@d1998
215    @a291页@d20cm
606 0  @a多元分析@x应用@x体育统计@x高等学校@x教材
690    @aG80-32@v4
701  0 @a祁国鹰@4编著
801    @aCN@bTSTC@c20031025
905    @a213230@b327031-035@dG80-32@e115@f5
    
    体育用多元分析/祁国鹰编著.-北京:北京体育大学出版社,1998
    291页;20cm
    
    
    ISBN 7-81051-340-0:CNY9.00
    
●
相关链接 在E读中查询图书 在五车中查询图书 在当当中查询图书 在豆瓣中查询图书


正题名:体育用多元分析     索取号:G80-32/115         预约/预借

序号 登录号 条形码 馆藏地/架位号 状态 备注
1 0327031   203270316   第四借阅区/ [索取号:G80-32/115] 在馆    
2 0327032   203270325   第四借阅区/ [索取号:G80-32/115] 在馆    
3 0327033   203270334   第四借阅区/ [索取号:G80-32/115] 在馆    
4 0327034   203270343   第四借阅区/ [索取号:G80-32/115] 在馆    
5 0327035   203270352   第一样本阅览室/ [索取号:G80-32/115] 在馆    
唐山师范学院图书馆 欢迎您!
大连网信软件有限公司© 版权所有